| 000 | 01316nam a2200241Ia 4500 | ||
|---|---|---|---|
| 003 | Ost | ||
| 005 | 20260507075005.0 | ||
| 008 | 260507s9999||||xx |||||||||||||| ||und|| | ||
| 040 | _cfsecg | ||
| 041 | _aara | ||
| 082 | _a330 | ||
| 100 |
_aالعيساوي، كاظم جاسم _eمؤلف |
||
| 245 | 0 |
_aالإقتصاد الإداري / _c كاظم جاسم العيساوي |
|
| 250 | _aطبعة 2 | ||
| 260 |
_aعمان: _bدار المسيرة للنشر, _c2011 |
||
| 300 |
_a292 صفحة؛ _bإيضاحات ؛ _c25 سم |
||
| 504 | _aبيبليوغرافيا: ص. 281 قائمة المصطلحات ص. 283 | ||
| 520 | _aيضم هذا الكتاب : مفاهيم أساسية في الاقتصاد الاداري، دراسة و تحليل الطلب و التنبؤ بالمبيعات، نظرية الانتاج و الايرادات، تكاليف الانتاج وسياسات التسعير و القرارات الادارية، الارباح و القرارات الادارية، التركز و الاندماج و التكامل بين المشروعات، الرقابة على المخزون السلعي، معايير تقييم كفاءة الاداء | ||
| 653 | _aالادارة | ||
| 653 | _aالاقتصاد | ||
| 653 | _aالقرارات الادارية | ||
| 942 | _cكتاب | ||
| 999 |
_c42104 _d42104 |
||